Culture G Transport MSPAPDD - Statistiques

Statistiques générales
  • Ce quiz a été pris 5 fois
  • Le résultat moyen est 4 sur 28
Statistiques - réponses
Hint Réponse % Correct
On commence facile, qu'est ce qu'une AOT ? autorité organisatrice des transports
100%
Combien de tonnes de CO2 par personne pour le transport dans le monde à peu près ? 1
50%
Le transport représente ___ % des emissions CO2 monde 15
50%
Date du pic de mortalité des accidents de la route en France 1972
50%
Et une AOMR ? autorité organisatrice de la mobilité régionale
50%
Deuxième enjeu Décarbonation
50%
Quel est le revenu total du versement mobilité (en Md€) 11
0%
Date de promulgation de cette dernière 2019
0%
Dont quel proportion vient d'IdF (en %) 50
0%
La consommation finale d'énergie du secteur transport monde vaut __% 91
0%
Quatrième enjeu Aménagement du territoire
0%
BHNS (français pour BRT) bus à haut niveau de service
0%
Troisième type : collectivité locales
0%
Quels sont les 4 enjeux actuels des transports selon Ambition France transport ? Premier enjeu : Croissance des besoins
0%
Troisième enjeu Maintenance infrastructure
0%
Quelles sont les trois types de recettes des AOM ? Premier type : versement mobilité
0%
Quels sont les 4 axes de la conférence Ambition France transport ? Premier axe : Financement AOM
0%
Quatrième axe Fret
0%
GPSO grand projet du sud ouest
0%
Deuxième axe infrastructures routières et concessions
0%
LNMP ligne nouvelle montpellier perpignan
0%
Acronyme de la loi structurante des mobilités actuellement LOM
0%
Acronyme de la première loi générale d'organisation des transports LOTI
0%
Acronyme de la loi qui ôte aux départements la plupart de leurs compétences transport NOTRe
0%
Nom du rapport où trouver les valeurs tutélaire pour l'ACB infra de transport Quinet
0%
Troisième axe rail voyageur
0%
Deuxième type : recettes commerciales
0%
Un peu d'acronymes, TCSP : transport collectif en site propre
0%
Aucun quiz correspondant
Distribution des résultats
% des personnes avec chaque résultat
Percentile par nombre de réponses
Votre historique - résultats
Vous n’avez pas pris ce quiz